La catedral gótica /

Gespeichert in:
Bibliographische Detailangaben
1. Verfasser: Simson, Otto von (autor)
Format: Buch
Sprache:Spanisch
Veröffentlicht: Madrid, España : Alianza, 1980, c1980
Schriftenreihe:(Alianza Forma ; 10)
Schlagworte:
Tags: Tag hinzufügen
Keine Tags, Fügen Sie das erste Tag hinzu!

MARC

LEADER 00000nam^a2200000^a^4500
001 000010510
005 20250521000000.0
009 20260310083708.673
020 |a 84-206-7010-3 
037 |a Acervo ITESO - Biblioteca 
041 |a ESP 
082 |a 723. 5  |b SIM 
100 |a Simson, Otto von  |e (autor) 
245 1 3 |a La catedral gótica /  |c O. von Simson ; tr. por Fernando Villaverde Landa. 
264 4 |a Madrid, España :  |b Alianza,  |c 1980, c1980 
300 |a 322 p. 
336 |a texto  |b txt  |2 rdacontenido 
337 |a sin mediación  |b n  |2 rdamedio 
338 |a volumen  |b nc  |2 rdasoporte 
440 1 |a (Alianza Forma ;  |v 10) 
500 |a Traducción de: The Gothic Catedral: Origins of Gothic Architecture and the Medieval Concept of Order 
649 |a XX 
650 |a Catedrales 
650 |a Templos Cristianos 
650 |a Arquitectura Religiosa -  |x Historia y Crítica 
650 |a Arquitectura Gótica -  |x Historia y Crítica 
650 |a Arquitectura Medieval -  |x Historia y Crítica 
650 |a Arte Religioso -  |x Historia y Crítica 
650 |a Arte Gótico -  |x Historia y Crítica 
650 |a Arte Medieval -  |x Historia y Crítica 
910 |a Fondo General 
920 |a Impresos - Libros 
930 |a Reserva Especial 
905 |a 103 
901 |a 0105100100  |b IT1  |c REE  |i 010510  |u 20250521 
902 |a https://opac.biblio.iteso.mx/vufind/Record/000010510